[Event "DEM U10w 2022"]
[Site "Willingen GER"]
[Date "2022.06.09"]
[Round "8"]
[White "Kovalskyy, Alicia"]
[Black "Bacakova, Klara"]
[Result "1-0"]
[Termination "normal"]
[Board "2"]
[WhiteElo "1499"]
[BlackElo "1169"]
[WhiteClock "00:09:30"]
[BlackClock "00:29:58"]
[PlyCount "89"]
[WhiteFideId "34612130"]
[BlackFideId "34605762"]
[EventCountry "GER"]
[EventRounds "11"]
[EventType "swiss"]
[EventDate "2022.06.04"]

1. e4 {[%clk 01:15:59]} {[%emt 04:18:35]} c5 {[%clk 01:15:52]} {[%emt
00:00:09]} 2. Nf3 {[%clk 01:16:24]} {[%emt 00:00:05]} e6 {[%clk 01:16:11]}
{[%emt 00:00:11]} 3. d4 {[%clk 01:16:45]} {[%emt 00:00:08]} cxd4 {[%clk
01:16:31]} {[%emt 00:00:10]} 4. Nxd4 {[%emt 00:00:09]} Nf6 {[%clk 01:16:33]}
{[%emt 00:00:25]} 5. Nc3 {[%clk 01:17:10]} {[%emt 00:00:31]} Bb4 {[%clk
01:16:17]} {[%emt 00:00:45]} 6. e5 {[%clk 01:17:31]} {[%emt 00:00:09]} Nd5
{[%clk 01:16:20]} {[%emt 00:00:27]} 7. Qg4 {[%clk 01:17:29]} {[%emt 00:00:32]}
Kf8 {[%clk 01:16:10]} {[%emt 00:00:40]} 8. Bd2 {[%clk 01:17:04]} {[%emt
00:00:55]} h5 {[%clk 01:12:21]} {[%emt 00:04:18]} 9. Qg3 {[%clk 01:13:17]}
{[%emt 00:04:15]} Nc6 {[%clk 01:10:07]} {[%emt 00:02:47]} 10. Nxc6 {[%clk
00:58:43]} {[%emt 00:15:04]} bxc6 {[%clk 01:06:37]} {[%emt 00:04:00]} 11. O-O-O
{[%clk 00:56:30]} {[%emt 00:02:43]} h4 {[%clk 01:05:41]} {[%emt 00:01:26]} 12.
Qf3 {[%clk 00:53:45]} {[%emt 00:03:11]} Qa5 {[%clk 01:04:35]} {[%emt 00:01:40]}
13. Nxd5 {[%clk 00:50:44]} {[%emt 00:03:30]} Bxd2+ {[%clk 01:04:40]} {[%emt
00:00:25]} 14. Rxd2 {[%clk 00:51:08]} {[%emt 00:00:07]} cxd5 {[%clk 01:04:52]}
{[%emt 00:00:18]} 15. a3 {[%clk 00:48:03]} {[%emt 00:03:35]} Rb8 {[%clk
01:03:36]} {[%emt 00:01:46]} 16. Rd1 {[%clk 00:31:07]} {[%emt 00:17:25]} Ba6
{[%clk 00:59:00]} {[%emt 00:05:06]} 17. Bxa6 {[%clk 00:30:55]} {[%emt
00:00:42]} Qxa6 {[%clk 00:59:17]} {[%emt 00:00:14]} 18. Qc3 {[%clk 00:27:04]}
{[%emt 00:04:01]} Ke7 {[%clk 00:55:28]} {[%emt 00:04:39]} 19. Qc5+ {[%clk
00:25:40]} {[%emt 00:01:54]} Ke8 {[%clk 00:52:57]} {[%emt 00:03:01]} 20. Rd4
{[%clk 00:22:44]} {[%emt 00:03:26]} Qb6 {[%clk 00:48:04]} {[%emt 00:05:24]} 21.
Qxb6 {[%clk 00:20:20]} {[%emt 00:02:53]} Rxb6 {[%clk 00:47:19]} {[%emt
00:01:15]} 22. Rhd1 {[%clk 00:19:24]} {[%emt 00:01:26]} Ke7 {[%clk 00:44:48]}
{[%emt 00:03:01]} 23. c3 {[%clk 00:15:58]} {[%emt 00:03:55]} Rhb8 {[%clk
00:44:18]} {[%emt 00:01:00]} 24. R1d2 {[%clk 00:14:49]} {[%emt 00:01:40]} g5
{[%clk 00:42:21]} {[%emt 00:02:28]} 25. Rg4 {[%clk 00:14:33]} {[%emt 00:00:44]}
f6 {[%clk 00:41:10]} {[%emt 00:01:42]} 26. f4 {[%clk 00:12:58]} {[%emt
00:02:05]} Rg8 {[%clk 00:40:11]} {[%emt 00:01:26]} 27. exf6+ {[%clk 00:13:00]}
{[%emt 00:00:31]} Kxf6 {[%clk 00:39:50]} {[%emt 00:00:50]} 28. fxg5+ {[%clk
00:13:24]} {[%emt 00:00:07]} Rxg5 {[%clk 00:39:57]} {[%emt 00:00:23]} 29. Rxh4
{[%clk 00:13:43]} {[%emt 00:00:10]} Rb5 {[%clk 00:38:57]} {[%emt 00:01:30]} 30.
Rh7 {[%clk 00:13:16]} {[%emt 00:00:57]} Rg7 {[%clk 00:38:17]} {[%emt 00:01:11]}
31. Rf2+ {[%clk 00:13:38]} {[%emt 00:00:05]} Kg6 {[%clk 00:37:56]} {[%emt
00:00:54]} 32. Rxg7+ {[%clk 00:13:55]} {[%emt 00:00:13]} Kxg7 {[%clk 00:38:18]}
{[%emt 00:00:09]} 33. Rf4 {[%clk 00:14:05]} {[%emt 00:00:19]} e5 {[%clk
00:37:30]} {[%emt 00:01:19]} 34. Rb4 {[%clk 00:13:47]} {[%emt 00:00:47]} Rxb4
{[%clk 00:36:41]} {[%emt 00:01:19]} 35. axb4 {[%clk 00:14:08]} {[%emt
00:00:09]} Kf6 {[%clk 00:36:39]} {[%emt 00:00:32]} 36. Kd2 {[%clk 00:14:21]}
{[%emt 00:00:17]} Kf5 {[%clk 00:36:50]} {[%emt 00:00:19]} 37. Ke3 {[%clk
00:14:10]} {[%emt 00:00:40]} d6 {[%clk 00:36:43]} {[%emt 00:00:37]} 38. h4
{[%clk 00:12:40]} {[%emt 00:02:00]} Kg4 {[%clk 00:36:16]} {[%emt 00:00:57]} 39.
g3 {[%clk 00:13:01]} {[%emt 00:00:10]} Kf5 {[%clk 00:34:47]} {[%emt 00:01:59]}
40. h5 {[%clk 00:12:17]} {[%emt 00:01:13]} e4 {[%clk 00:34:14]} {[%emt
00:01:03]} 41. g4+ {[%clk 00:12:12]} {[%emt 00:00:36]} Kg5 {[%clk 00:33:11]}
{[%emt 00:01:31]} 42. b5 {[%clk 00:10:40]} {[%emt 00:02:04]} Kh6 {[%clk
00:32:07]} {[%emt 00:01:34]} 43. Kf4 {[%clk 00:09:37]} {[%emt 00:01:32]} Kh7
{[%clk 00:31:41]} {[%emt 00:00:56]} 44. c4 {[%clk 00:09:08]} {[%emt 00:01:00]}
dxc4 {[%clk 00:29:58]} {[%emt 00:02:12]} 45. Kxe4 {[%clk 00:09:30]} {[%emt
00:00:09]} 1-0

[Event "DEM U10w 2022"]
[Site "Willingen GER"]
[Date "2022.06.09"]
[Round "8"]
[White "Nönnig, Lotte"]
[Black "Stiehler, Mara"]
[Result "1-0"]
[Termination "normal"]
[Board "3"]
[WhiteElo "1049"]
[BlackElo "1200"]
[WhiteClock "01:02:10"]
[BlackClock "00:44:01"]
[PlyCount "57"]
[WhiteFideId "34611509"]
[BlackFideId "34621199"]
[EventCountry "GER"]
[EventRounds "11"]
[EventType "swiss"]
[EventDate "2022.06.04"]

1. e4 {[%clk 01:15:58]} {[%emt 00:00:01]} e5 {[%clk 01:15:55]} {[%emt
00:00:05]} 2. Nf3 {[%clk 01:16:23]} {[%emt 00:00:05]} Nc6 {[%clk 01:16:18]}
{[%emt 00:00:07]} 3. Bc4 {[%clk 01:16:45]} {[%emt 00:00:07]} Bc5 {[%clk
01:16:41]} {[%emt 00:00:08]} 4. c3 {[%clk 01:17:08]} {[%emt 00:00:07]} Nf6
{[%clk 01:17:03]} {[%emt 00:00:08]} 5. d4 {[%clk 01:17:32]} {[%emt 00:00:06]}
exd4 {[%clk 01:17:26]} {[%emt 00:00:08]} 6. cxd4 {[%clk 01:17:58]} {[%emt
00:00:04]} Bb4+ {[%clk 01:17:46]} {[%emt 00:00:10]} 7. Bd2 {[%clk 01:18:18]}
{[%emt 00:00:08]} Bxd2+ {[%clk 01:18:10]} {[%emt 00:00:07]} 8. Nbxd2 {[%clk
01:18:39]} {[%emt 00:00:09]} d5 {[%clk 01:18:31]} {[%emt 00:00:08]} 9. exd5
{[%clk 01:19:02]} {[%emt 00:00:08]} Nxd5 {[%clk 01:18:54]} {[%emt 00:00:08]}
10. Qb3 {[%clk 01:19:16]} {[%emt 00:00:15]} Na5 {[%clk 01:17:28]} {[%emt
00:01:57]} 11. Qb5+ {[%clk 01:17:57]} {[%emt 00:01:49]} Nc6 {[%clk 01:12:11]}
{[%emt 00:05:47]} 12. Bxd5 {[%clk 01:15:06]} {[%emt 00:03:20]} Qe7+ {[%clk
01:11:54]} {[%emt 00:00:48]} 13. Ne4 {[%clk 01:13:47]} {[%emt 00:01:47]} a6
{[%clk 01:11:14]} {[%emt 00:01:13]} 14. Bxc6+ {[%clk 01:08:38]} {[%emt
00:05:38]} Kf8 {[%clk 01:06:15]} {[%emt 00:05:29]} 15. Qc4 {[%clk 01:07:23]}
{[%emt 00:01:43]} bxc6 {[%clk 01:05:39]} {[%emt 00:01:08]} 16. Qxc6 {[%clk
01:07:21]} {[%emt 00:00:32]} Qb4+ {[%clk 01:04:31]} {[%emt 00:01:39]} 17. Nc3
{[%clk 01:06:23]} {[%emt 00:01:27]} Qe7+ {[%clk 01:02:58]} {[%emt 00:02:04]}
18. Ne5 {[%clk 01:05:50]} {[%emt 00:01:03]} Rb8 {[%clk 01:01:11]} {[%emt
00:02:16]} 19. O-O {[%clk 01:05:00]} {[%emt 00:01:18]} Qg5 {[%clk 00:57:11]}
{[%emt 00:04:30]} 20. Qxc7 {[%emt 00:06:33]} Be6 {[%clk 00:49:30]} {[%emt
00:02:59]} 21. Qxb8+ {[%clk 01:04:07]} {[%emt 00:00:31]} Ke7 {[%clk 00:49:47]}
{[%emt 00:00:16]} 22. Qxh8 {[%clk 01:04:01]} {[%emt 00:00:35]} Bh3 {[%clk
00:49:42]} {[%emt 00:00:36]} 23. g3 {[%clk 01:03:18]} {[%emt 00:01:11]} Bxf1
{[%clk 00:47:33]} {[%emt 00:02:41]} 24. Rxf1 {[%clk 01:03:05]} {[%emt
00:00:43]} f6 {[%clk 00:46:58]} {[%emt 00:01:03]} 25. Re1 {[%clk 01:02:41]}
{[%emt 00:00:56]} Qf5 {[%clk 00:45:23]} {[%emt 00:02:05]} 26. Qxg7+ {[%clk
01:01:43]} {[%emt 00:01:28]} Ke8 {[%clk 00:43:52]} {[%emt 00:02:01]} 27. Nc6+
{[%clk 01:01:30]} {[%emt 00:00:44]} Qe5 {[%clk 00:43:43]} {[%emt 00:00:38]} 28.
Rxe5+ {[%clk 01:01:43]} {[%emt 00:00:18]} fxe5 {[%clk 00:44:01]} {[%emt
00:00:12]} 29. Qe7# {[%clk 01:02:10]} {[%emt 00:00:03]} 1-0

[Event "DEM U10w 2022"]
[Site "Willingen GER"]
[Date "2022.06.09"]
[Round "8"]
[White "Margaryan, Mane"]
[Black "Hladeniuk, Yelyzaveta"]
[Result "1/2-1/2"]
[Termination "normal"]
[Board "4"]
[WhiteElo "1107"]
[BlackElo "1019"]
[WhiteClock "00:42:48"]
[BlackClock "00:25:48"]
[PlyCount "54"]
[WhiteFideId "16268237"]
[BlackFideId "34176128"]
[EventCountry "GER"]
[EventRounds "11"]
[EventType "swiss"]
[EventDate "2022.06.04"]

1. d4 {[%clk 01:15:58]} {[%emt 00:00:01]} Nf6 {[%clk 01:15:51]} {[%emt
00:00:09]} 2. c4 {[%clk 01:16:20]} {[%emt 00:00:08]} e6 {[%clk 01:16:16]}
{[%emt 00:00:05]} 3. Nc3 {[%clk 01:16:25]} {[%emt 00:00:25]} Bb4 {[%clk
01:16:37]} {[%emt 00:00:09]} 4. Bd2 {[%clk 01:15:53]} {[%emt 00:01:02]} O-O
{[%clk 01:16:50]} {[%emt 00:00:18]} 5. a3 {[%clk 01:16:05]} {[%emt 00:00:18]}
Bxc3 {[%clk 01:17:08]} {[%emt 00:00:11]} 6. Bxc3 {[%clk 01:16:24]} {[%emt
00:00:11]} d5 {[%clk 01:16:42]} {[%emt 00:00:55]} 7. e3 {[%clk 01:16:10]}
{[%emt 00:00:44]} Nc6 {[%clk 01:15:46]} {[%emt 00:01:27]} 8. Nf3 {[%clk
01:15:30]} {[%emt 00:01:10]} Ne4 {[%clk 01:15:58]} {[%emt 00:00:18]} 9. Rc1
{[%clk 01:13:46]} {[%emt 00:02:13]} b6 {[%clk 01:13:20]} {[%emt 00:03:09]} 10.
Bd3 {[%clk 01:12:45]} {[%emt 00:01:30]} Ng5 {[%clk 01:10:54]} {[%emt 00:02:57]}
11. O-O {[%clk 01:11:27]} {[%emt 00:01:48]} dxc4 {[%clk 00:58:56]} {[%emt
00:12:29]} 12. Bxc4 {[%clk 01:10:17]} {[%emt 00:01:38]} Ne4 {[%clk 00:56:06]}
{[%emt 00:03:20]} 13. Bd3 {[%clk 01:07:07]} {[%emt 00:03:40]} Nf6 {[%clk
00:54:51]} {[%emt 00:01:46]} 14. Bc2 {[%clk 01:04:39]} {[%emt 00:02:57]} Bb7
{[%clk 00:50:39]} {[%emt 00:04:44]} 15. Qd3 {[%clk 01:03:19]} {[%emt 00:01:49]}
Qc8 {[%clk 00:47:32]} {[%emt 00:03:37]} 16. e4 {[%clk 01:02:14]} {[%emt
00:01:34]} Ba6 {[%clk 00:47:10]} {[%emt 00:00:53]} 17. Qe3 {[%clk 01:01:43]}
{[%emt 00:01:00]} Bxf1 {[%clk 00:46:52]} {[%emt 00:00:50]} 18. Rxf1 {[%clk
01:02:04]} {[%emt 00:00:08]} Ne7 {[%clk 00:41:22]} {[%emt 00:06:00]} 19. e5
{[%clk 01:00:20]} {[%emt 00:02:14]} Nfd5 {[%clk 00:41:23]} {[%emt 00:00:29]}
20. Qe4 {[%clk 00:59:51]} {[%emt 00:00:57]} g6 {[%clk 00:38:50]} {[%emt
00:03:05]} 21. Qh4 {[%clk 00:54:49]} {[%emt 00:05:29]} f6 {[%clk 00:36:08]}
{[%emt 00:03:14]} 22. exf6 {[%clk 00:53:56]} {[%emt 00:01:24]} Nxf6 {[%clk
00:36:20]} {[%emt 00:00:18]} 23. b4 {[%clk 00:49:58]} {[%emt 00:04:28]} Ned5
{[%clk 00:34:19]} {[%emt 00:02:32]} 24. Bd2 {[%clk 00:48:33]} {[%emt 00:01:53]}
c5 {[%clk 00:31:23]} {[%emt 00:03:27]} 25. Re1 {[%clk 00:43:54]} {[%emt
00:05:08]} cxb4 {[%clk 00:29:44]} {[%emt 00:02:11]} 26. Bb3 {[%clk 00:43:43]}
{[%emt 00:00:40]} Rf7 {[%clk 00:28:28]} {[%emt 00:01:46]} 27. Bxb4 {[%clk
00:42:48]} {[%emt 00:01:25]} a5 {[%clk 00:25:48]} {[%emt 00:03:10]} 1/2-1/2

[Event "DEM U10w 2022"]
[Site "Willingen GER"]
[Date "2022.06.09"]
[Round "8"]
[White "Yang, Sophie"]
[Black "Burchardi, Helena"]
[Result "1-0"]
[Termination "normal"]
[Board "5"]
[WhiteElo "1209"]
[BlackElo "802"]
[WhiteClock "00:37:23"]
[BlackClock "00:22:04"]
[PlyCount "101"]
[WhiteFideId "16279174"]
[BlackFideId "34636374"]
[EventCountry "GER"]
[EventRounds "11"]
[EventType "swiss"]
[EventDate "2022.06.04"]

1. e4 {[%clk 01:15:57]} {[%emt 00:00:02]} e5 {[%clk 01:15:50]} {[%emt
00:00:11]} 2. f4 {[%clk 01:16:16]} {[%emt 00:00:11]} exf4 {[%clk 01:16:08]}
{[%emt 00:00:11]} 3. Nf3 {[%clk 01:16:38]} {[%emt 00:00:08]} Be7 {[%clk
01:16:18]} {[%emt 00:00:20]} 4. h4 {[%clk 01:16:53]} {[%emt 00:00:16]} Nc6
{[%clk 01:16:09]} {[%emt 00:00:37]} 5. d4 {[%clk 01:17:15]} {[%emt 00:00:09]}
d5 {[%clk 01:14:38]} {[%emt 00:01:56]} 6. e5 {[%clk 01:17:20]} {[%emt
00:00:30]} Bg4 {[%clk 01:13:59]} {[%emt 00:01:04]} 7. Be2 {[%clk 01:17:36]}
{[%emt 00:00:19]} Qd7 {[%clk 01:12:16]} {[%emt 00:02:09]} 8. Bxf4 {[%clk
01:17:29]} {[%emt 00:00:40]} O-O-O {[%clk 01:11:24]} {[%emt 00:01:24]} 9. Nc3
{[%clk 01:17:40]} {[%emt 00:00:18]} Kb8 {[%clk 01:11:21]} {[%emt 00:00:33]} 10.
Qd2 {[%clk 01:17:43]} {[%emt 00:00:27]} a6 {[%clk 01:10:24]} {[%emt 00:01:27]}
11. O-O-O {[%clk 01:17:35]} {[%emt 00:00:37]} Nb4 {[%clk 01:09:13]} {[%emt
00:01:38]} 12. a3 {[%clk 01:16:00]} {[%emt 00:02:10]} Bxf3 {[%emt 00:01:20]}
13. Bxf3 {[%clk 01:15:39]} {[%emt 00:00:47]} Nc6 {[%clk 01:05:40]} {[%emt
00:03:17]} 14. Nxd5 {[%clk 01:14:31]} {[%emt 00:01:37]} h6 {[%clk 01:04:19]}
{[%emt 00:01:38]} 15. Nxe7 {[%clk 01:13:15]} {[%emt 00:01:59]} Ngxe7 {[%clk
01:02:51]} {[%emt 00:01:58]} 16. d5 {[%clk 01:11:01]} {[%emt 00:02:45]} Na7
{[%clk 01:01:48]} {[%emt 00:01:28]} 17. g3 {[%clk 01:06:36]} {[%emt 00:05:00]}
Qb5 {[%clk 00:59:32]} {[%emt 00:02:44]} 18. d6 {[%clk 01:00:52]} {[%emt
00:06:15]} cxd6 {[%clk 00:58:18]} {[%emt 00:01:44]} 19. exd6 {[%clk 01:00:52]}
{[%emt 00:00:30]} Ng6 {[%clk 00:56:41]} {[%emt 00:02:06]} 20. Rhe1 {[%clk
00:58:56]} {[%emt 00:02:27]} Nxf4 {[%clk 00:53:56]} {[%emt 00:03:15]} 21. Qxf4
{[%clk 00:58:57]} {[%emt 00:00:29]} Nc6 {[%clk 00:51:00]} {[%emt 00:03:25]} 22.
Qxf7 {[%clk 00:55:01]} {[%emt 00:03:53]} Na5 {[%clk 00:48:55]} {[%emt
00:03:09]} 23. Qxg7 {[%emt 00:05:49]} Nc4 {[%clk 00:46:12]} {[%emt 00:03:09]}
24. Qc7+ {[%clk 00:48:59]} {[%emt 00:01:16]} Ka7 {[%clk 00:45:18]} {[%emt
00:01:26]} 25. Qg7 {[%clk 00:41:27]} {[%emt 00:07:55]} Rh7 {[%clk 00:44:04]}
{[%emt 00:01:45]} 26. Qd4+ {[%clk 00:40:34]} {[%emt 00:01:23]} Ka8 {[%clk
00:43:38]} {[%emt 00:00:59]} 27. Be2 {[%clk 00:40:40]} {[%emt 00:00:24]} Rc8
{[%clk 00:42:35]} {[%emt 00:01:34]} 28. b3 {[%clk 00:40:29]} {[%emt 00:00:42]}
Qf5 {[%clk 00:37:25]} {[%emt 00:05:31]} 29. Bxc4 {[%clk 00:39:19]} {[%emt
00:01:49]} Rhh8 {[%clk 00:35:36]} {[%emt 00:02:12]} 30. d7 {[%clk 00:38:42]}
{[%emt 00:01:48]} Rcd8 {[%clk 00:35:28]} {[%emt 00:01:01]} 31. Re2 {[%clk
00:36:46]} {[%emt 00:02:26]} Qf3 {[%clk 00:32:57]} {[%emt 00:02:59]} 32. Rde1
{[%clk 00:36:57]} {[%emt 00:00:23]} Qh5 {[%clk 00:31:47]} {[%emt 00:01:32]} 33.
g4 {[%clk 00:37:03]} {[%emt 00:00:32]} Qg6 {[%clk 00:31:33]} {[%emt 00:00:33]}
34. h5 {[%clk 00:37:15]} {[%emt 00:00:29]} Qg5+ {[%clk 00:30:27]} {[%emt
00:01:33]} 35. Kb1 {[%clk 00:37:23]} {[%emt 00:00:26]} Qa5 {[%clk 00:28:02]}
{[%emt 00:02:54]} 36. Re8 {[%clk 00:37:26]} {[%emt 00:01:21]} Qxe1+ {[%clk
00:26:36]} {[%emt 00:02:03]} 37. Rxe1 {[%clk 00:37:37]} {[%emt 00:00:20]} Kb8
{[%clk 00:26:03]} {[%emt 00:01:00]} 38. Qd6+ {[%clk 00:37:14]} {[%emt
00:00:54]} Ka7 {[%clk 00:25:56]} {[%emt 00:00:39]} 39. b4 {[%clk 00:36:36]}
{[%emt 00:01:09]} Rh7 {[%clk 00:25:30]} {[%emt 00:00:45]} 40. Re7 {[%clk
00:36:28]} {[%emt 00:00:44]} Rhh8 {[%clk 00:24:37]} {[%emt 00:01:26]} 41. b5
{[%clk 00:36:39]} {[%emt 00:00:20]} axb5 {[%clk 00:22:28]} {[%emt 00:02:38]}
42. Bxb5 {[%clk 00:36:57]} {[%emt 00:00:12]} Ka8 {[%clk 00:21:47]} {[%emt
00:01:09]} 43. Qe6 {[%clk 00:37:11]} {[%emt 00:00:17]} Ka7 {[%clk 00:20:39]}
{[%emt 00:01:37]} 44. Re8 {[%clk 00:37:29]} {[%emt 00:00:14]} Rhxe8 {[%clk
00:20:39]} {[%emt 00:00:27]} 45. dxe8=Q {[%emt 00:00:31]} Rxe8 {[%emt
00:00:15]} 46. Qxe8 {[%emt 00:00:08]} b6 {[%emt 00:00:16]} 47. g5 {[%clk
00:36:15]} {[%emt 00:00:25]} hxg5 {[%clk 00:21:04]} {[%emt 00:00:18]} 48. h6
{[%clk 00:36:39]} {[%emt 00:00:06]} g4 {[%clk 00:21:28]} {[%emt 00:00:05]} 49.
h7 {[%clk 00:37:01]} {[%emt 00:00:07]} g3 {[%clk 00:21:52]} {[%emt 00:00:07]}
50. h8=Q {[%clk 00:37:23]} {[%emt 00:00:08]} Kb7 {[%clk 00:22:04]} {[%emt
00:00:18]} 51. Qh7# {[%emt 00:00:08]} 1-0

[Event "DEM U10w 2022"]
[Site "Willingen GER"]
[Date "2022.06.09"]
[Round "8"]
[White "Englert, Ann"]
[Black "Mersmann, Jasmin"]
[Result "1/2-1/2"]
[Termination "normal"]
[Board "6"]
[WhiteElo "1059"]
[BlackElo "1099"]
[WhiteClock "00:42:35"]
[BlackClock "00:42:24"]
[PlyCount "60"]
[WhiteFideId "34606181"]
[BlackFideId "34630287"]
[EventCountry "GER"]
[EventRounds "11"]
[EventType "swiss"]
[EventDate "2022.06.04"]

1. d4 {[%clk 01:15:58]} d5 {[%clk 01:15:44]} {[%emt 00:00:17]} 2. c4 {[%clk
01:16:25]} {[%emt 00:00:04]} e6 {[%clk 01:16:04]} {[%emt 00:00:10]} 3. Nc3
{[%clk 01:16:48]} {[%emt 00:00:06]} Be7 {[%clk 01:16:09]} {[%emt 00:00:25]} 4.
cxd5 {[%clk 01:16:55]} {[%emt 00:00:22]} exd5 {[%clk 01:16:19]} {[%emt
00:00:21]} 5. Bf4 {[%clk 01:17:08]} {[%emt 00:00:15]} Bf5 {[%clk 01:16:03]}
{[%emt 00:00:48]} 6. e3 {[%clk 01:17:31]} {[%emt 00:00:07]} Nd7 {[%clk
01:16:11]} {[%emt 00:00:23]} 7. Bd3 {[%clk 01:17:22]} {[%emt 00:00:38]} Bxd3
{[%clk 01:16:09]} {[%emt 00:00:32]} 8. Qxd3 {[%clk 01:17:40]} {[%emt 00:00:12]}
c6 {[%clk 01:15:44]} {[%emt 00:00:55]} 9. Nf3 {[%clk 01:17:39]} {[%emt
00:00:30]} h6 {[%clk 01:14:20]} {[%emt 00:01:54]} 10. O-O {[%clk 01:16:02]}
{[%emt 00:02:08]} Ngf6 {[%clk 01:14:26]} {[%emt 00:00:21]} 11. Rab1 {[%clk
01:12:17]} {[%emt 00:04:16]} a5 {[%clk 01:14:40]} {[%emt 00:00:18]} 12. a3
{[%clk 01:12:06]} {[%emt 00:00:42]} O-O {[%clk 01:11:34]} {[%emt 00:03:36]} 13.
Qd2 {[%clk 01:08:33]} {[%emt 00:03:55]} c5 {[%clk 01:10:25]} {[%emt 00:01:46]}
14. dxc5 {[%clk 01:08:44]} {[%emt 00:00:19]} Nxc5 {[%clk 01:10:17]} {[%emt
00:00:37]} 15. Rfd1 {[%clk 01:01:36]} {[%emt 00:07:37]} Qd7 {[%clk 01:04:50]}
{[%emt 00:05:57]} 16. Ne5 {[%clk 00:57:34]} {[%emt 00:04:32]} Qe6 {[%clk
01:02:45]} {[%emt 00:02:37]} 17. Nxd5 {[%clk 00:54:39]} {[%emt 00:03:24]} Rfd8
{[%clk 00:57:57]} {[%emt 00:05:18]} 18. Nxe7+ {[%clk 00:54:20]} {[%emt
00:00:49]} Qxe7 {[%clk 00:57:49]} {[%emt 00:00:39]} 19. Qe2 {[%clk 00:52:48]}
{[%emt 00:01:54]} Nfe4 {[%clk 00:55:03]} {[%emt 00:03:24]} 20. f3 {[%clk
00:52:26]} {[%emt 00:00:49]} Nf6 {[%clk 00:54:25]} {[%emt 00:01:10]} 21. Qb5
{[%clk 00:45:50]} {[%emt 00:06:58]} Nh5 {[%clk 00:50:55]} {[%emt 00:04:08]} 22.
Rxd8+ {[%clk 00:45:44]} {[%emt 00:00:37]} Rxd8 {[%clk 00:48:49]} {[%emt
00:02:34]} 23. Qxa5 {[%clk 00:44:10]} {[%emt 00:02:07]} f6 {[%clk 00:47:43]}
{[%emt 00:01:33]} 24. Ng6 {[%clk 00:43:40]} {[%emt 00:00:54]} Qe8 {[%clk
00:44:05]} {[%emt 00:04:23]} 25. Qxc5 {[%clk 00:42:32]} {[%emt 00:01:37]} Qxg6
{[%clk 00:44:20]} {[%emt 00:00:14]} 26. Rc1 {[%clk 00:41:37]} {[%emt 00:01:22]}
Qd3 {[%clk 00:42:11]} {[%emt 00:02:41]} 27. Qc4+ {[%clk 00:41:43]} {[%emt
00:00:16]} Qxc4 {[%clk 00:42:13]} {[%emt 00:00:38]} 28. Rxc4 {[%clk 00:42:07]}
{[%emt 00:00:06]} Rd1+ {[%clk 00:42:11]} {[%emt 00:00:32]} 29. Kf2 {[%clk
00:42:15]} {[%emt 00:00:12]} Rd2+ {[%clk 00:42:11]} {[%emt 00:00:40]} 30. Kf1
{[%clk 00:42:35]} {[%emt 00:00:10]} Rxb2 {[%clk 00:42:24]} {[%emt 00:00:17]}
1/2-1/2

[Event "DEM U10w 2022"]
[Site "Willingen GER"]
[Date "2022.06.09"]
[Round "8"]
[White "Heidtkamp, Anna"]
[Black "Schirmbeck, Lilian"]
[Result "1/2-1/2"]
[Termination "normal"]
[Board "7"]
[WhiteElo "1163"]
[BlackElo "980"]
[WhiteClock "00:14:36"]
[BlackClock "00:02:16"]
[PlyCount "54"]
[WhiteFideId "16269012"]
[BlackFideId "34620532"]
[EventCountry "GER"]
[EventRounds "11"]
[EventType "swiss"]
[EventDate "2022.06.04"]

1. e4 {[%clk 01:15:58]} {[%emt 00:00:02]} e5 {[%clk 01:15:47]} {[%emt
00:00:13]} 2. Nf3 {[%clk 01:16:23]} {[%emt 00:00:04]} Nf6 {[%clk 01:15:54]}
{[%emt 00:00:23]} 3. Nc3 {[%clk 01:16:49]} {[%emt 00:00:04]} Bb4 {[%clk
01:15:43]} {[%emt 00:00:41]} 4. Bd3 {[%clk 01:03:58]} {[%emt 00:13:21]} d6
{[%clk 00:59:06]} {[%emt 00:17:07]} 5. h3 {[%clk 00:59:18]} {[%emt 00:05:10]}
Be6 {[%clk 00:49:27]} {[%emt 00:10:09]} 6. a3 {[%clk 00:57:53]} {[%emt
00:01:55]} Ba5 {[%clk 00:47:48]} {[%emt 00:02:08]} 7. b4 {[%clk 00:58:11]}
{[%emt 00:00:13]} Bb6 {[%clk 00:48:07]} {[%emt 00:00:11]} 8. Na4 {[%clk
00:55:49]} {[%emt 00:02:53]} Nbd7 {[%clk 00:39:31]} {[%emt 00:09:05]} 9. Bb2
{[%clk 00:46:01]} {[%emt 00:10:18]} Qe7 {[%clk 00:32:50]} {[%emt 00:07:11]} 10.
Rc1 {[%clk 00:37:02]} {[%emt 00:09:29]} O-O {[%clk 00:20:31]} {[%emt 00:12:48]}
11. c4 {[%clk 00:30:10]} {[%emt 00:07:23]} a6 {[%clk 00:12:45]} {[%emt
00:08:16]} 12. Nxb6 {[%clk 00:27:42]} {[%emt 00:02:59]} Nxb6 {[%clk 00:12:30]}
{[%emt 00:00:44]} 13. c5 {[%clk 00:27:02]} {[%emt 00:01:10]} Nbd7 {[%clk
00:12:46]} {[%emt 00:00:14]} 14. c6 {[%clk 00:26:25]} {[%emt 00:01:07]} Nb6
{[%clk 00:11:12]} {[%emt 00:02:04]} 15. cxb7 {[%clk 00:26:18]} {[%emt
00:00:37]} Ra7 {[%clk 00:11:26]} {[%emt 00:00:16]} 16. Qc2 {[%clk 00:22:47]}
{[%emt 00:04:01]} Rxb7 {[%clk 00:09:40]} {[%emt 00:02:16]} 17. Bxa6 {[%clk
00:22:36]} {[%emt 00:00:42]} Ra7 {[%clk 00:09:53]} {[%emt 00:00:16]} 18. Bb5
{[%clk 00:22:36]} {[%emt 00:00:29]} Rb8 {[%clk 00:07:32]} {[%emt 00:02:52]} 19.
Be2 {[%clk 00:21:58]} {[%emt 00:01:07]} Rbb7 {[%clk 00:06:53]} {[%emt
00:01:09]} 20. Nh4 {[%clk 00:17:37]} {[%emt 00:04:51]} g6 {[%clk 00:06:10]}
{[%emt 00:01:13]} 21. Nf3 {[%clk 00:17:21]} {[%emt 00:00:46]} Qd7 {[%clk
00:03:45]} {[%emt 00:02:56]} 22. Qc6 {[%clk 00:16:38]} {[%emt 00:01:14]} Qxc6
{[%clk 00:02:51]} {[%emt 00:01:21]} 23. Rxc6 {[%clk 00:17:07]} Na4 {[%clk
00:02:58]} {[%emt 00:00:26]} 24. Bc1 {[%clk 00:15:58]} {[%emt 00:01:39]} Nxe4
{[%clk 00:02:16]} {[%emt 00:01:12]} 25. d3 {[%clk 00:14:32]} {[%emt 00:01:55]}
Bd5 {[%clk 00:01:31]} {[%emt 00:01:17]} 26. Rc2 {[%clk 00:14:24]} {[%emt
00:00:38]} Bb3 {[%clk 00:01:54]} {[%emt 00:00:05]} 27. Rc6 {[%clk 00:14:36]}
{[%emt 00:00:18]} Bd5 {[%clk 00:02:16]} {[%emt 00:00:08]} 1/2-1/2